000
00286nam a2200109Ia 4500
008
190216s9999||||xx |||||||||||||| ||und||
100
_a
Athithya Natasha
245
0
_a
Hindi-Bharathiya Darshanam Ka Samasway
260
_b
Madya Pradesh Sahithya Prakashan
650
_a
Hindi
942
_c
BK
999
_c
15268
_d
15268